000 00309nam a22001337a 4500
008 181226b xxu||||| |||| 00| 0 eng d
020 _a9781934356166
041 _aeng
080 _23 TH
_a004
100 _a37
101 _a004
245 _aAgile Web Development With Rails
_cRuby.S
942 _2udc
_cBK
999 _c53766
_d53766